000 00467nam a2200181Ia 4500
008 240925s9999 xx 000 0 und d
020 _a9789834705459
082 _a658.112 ARI
100 _aNot - Available
245 0 _aFundamentals of Entrepreneurship
250 _aNA
260 _aNew York:
_bOxford University Press
_c,2013.
300 _ax, 310p.
_b0
_fOriginal
500 _aIncludes Index
600 _aManagement
650 _aManagement
942 _cBK
999 _c15711
_d15711